| 000 | 003330000a22001090004500 | ||
|---|---|---|---|
| 090 |
_aAS _bSeriadas |
||
| 245 | 1 | 0 | _aStatus sistemático del género Geobatrachus ruthven 1915 (<Amphibia: Anura>) |
| 041 | 0 | _aEspañol | |
| 100 | 1 |
_aArdila Robayo, María Cristina _94334 |
|
| 942 | _cARTICULO | ||
| 773 | 1 |
_tCaldasia _345 _h59 _q383-495 _d1979 _g12 |
|
| 999 |
_c14355 _d14355 |
||